000
00459nam a2200133Ia 4500
008
151001s9999||||xx |||||||||||||| ||und||
100
_a
महावीरप्रसाद द्विवेदी
245
_a
महावीर प्रसाद व्दिवेदी रचना संचयन
250
_a
1
260
_b
साहित्य संकुल गुजरात
260
_c
2006
300
_a
558
365
_b
21
999
_c
989303
_d
989300